Microbial Testing and Evalutation of Anticorrosion Polymer Coatings for Engineering Applications with CD (UG-MAT-2016) (Record no. 561081)

000 -LEADER
fixed length control field 00441nam a2200133Ia 4500
005 - DATE AND TIME OF LATEST TRANSACTION
control field 20210429153910.0
008 - FIXED-LENGTH DATA ELEMENTS--GENERAL INFORMATION
fixed length control field 210429s9999 xx 000 0 und d
082 ## - DEWEY DECIMAL CLASSIFICATION NUMBER
Classification number 620.110 A3156M
100 ## - MAIN ENTRY--PERSONAL NAME
Personal name Zeeshan Akram, Ahsan Jamil, Osama Anwar.
9 (RLIN) 55047
245 ## - TITLE STATEMENT
Title Microbial Testing and Evalutation of Anticorrosion Polymer Coatings for Engineering Applications with CD (UG-MAT-2016)
260 ## - PUBLICATION, DISTRIBUTION, ETC.
Place of publication, distribution, etc. SCME
Date of publication, distribution, etc. 2016
300 ## - PHYSICAL DESCRIPTION
Extent 87p.
942 ## - ADDED ENTRY ELEMENTS (KOHA)
Source of classification or shelving scheme
Koha item type
Holdings
Withdrawn status Lost status Damaged status Not for loan Permanent Location Current Location Date acquired Total Checkouts Full call number Barcode Date last seen Price effective from Koha item type
        School of Chemical & Materials Engineering (SCME) School of Chemical & Materials Engineering (SCME) 10/16/2010   620.110 A3156M SCME- TH-332 04/29/2021 04/29/2021  
© 2023 Central Library, National University of Sciences and Technology. All Rights Reserved.